000 00845cam a22002654a 4500
001 11827789
005 20260420090212.0
008 991029s2000 mnu b 1 eng
020 _a0816632979
_qalk. paper
020 _a0816632987
_qpbk. : alk. paper
020 _a9780816632978
_q(alk. paper)
020 _a9780816632985
_q(pbk. : alk. paper)
050 0 0 _aB831.2
_b.O27 2000
082 0 0 _a003
_221
100 _aRash Wiliam, Wolfe Cary
245 0 0 _aObserving complexity :
_bsystems theory and postmodernity /
_cWilliam Rasch and Cary Wolfe, editors.
260 _aMinneapolis :
_bUniversity of Minnesota Press,
_cc2000.
300 _avii, 308 p. ;
_c23 cm.
500 _aIncludes index
650 0 _aPostmodernism.
650 0 _aSystem theory.
700 1 _aRasch, William,
_d1949-
700 1 _aWolfe, Cary.
942 _2lcc
_cBK
_n0
999 _c9245
_d9245